| 000 | 00000nam 2200000za 4500 |
| 001 | 9.840879 |
| 003 | CaOODSP |
| 005 | 20221107151943 |
| 007 | cr ||||||||||| |
| 008 | 170802s1985 onc |o f|0| 0 eng d |
| 040 | |aCaOODSP|beng |
| 043 | |an-cn--- |
| 086 | 1 |aCS11-618/85-40E-PDF |
| 100 | 1 |aAuger, Édouard. |
| 245 | 10|aFamily income statistics from Revenue Canada's personal income tax file |h[electronic resource] : |ba pilot study / |cÉdouard Auger. |
| 260 | |aOttawa : |bStatistics Canada, |c1985. |
| 300 | |a17 p. |
| 490 | 1 |aWorking paper ; |v85-40 |
| 500 | |aIssued also in French under title: Statistiques sur les familles et leur revenu à partir du fichier d'impôt personnel de Revenu Canada : une étude-pilote. |
| 500 | |aDigitized edition from print [produced by Statistics Canada]. |
| 500 | |a"Methodology Branch Paper No. 85-040F/E." |
| 504 | |aIncludes bibliographic references. |
| 692 | 07|2gccst|aStatistical analysis |
| 692 | 07|2gccst|aMethodology |
| 692 | 07|2gccst|aIncome tax |
| 692 | 07|2gccst|aHousehold income |
| 710 | 1 |aCanada. |bStatistics Canada. |bMethodology Branch. |
| 775 | 08|tStatistiques sur les familles et leur revenu à partir du fichier d'impôt personnel de Revenu Canada |w(CaOODSP)9.840881 |
| 830 | #0|aWorking paper (Statistics Canada. Methodology Branch)|v85-40|w(CaOODSP)9.834763 |
| 856 | 40|qPDF|s3.03 MB|uhttps://publications.gc.ca/collections/collection_2017/statcan/11-613/CS11-618-85-40-eng.pdf |
| 986 | |a11-618E no. 85-40 |